Sports Quiz

Random Sports or NBA Quiz

NBA Team Pairs Quiz Stats

 Plays Quiz Updated Nov 30, 2017

Also try: NFL Team Pairs
Challenge
Share
Tweet
Embed
Score 0/14 Timer 01:30
2 Plays Today
% Correct
Knicks
82.8%
Wizards
82.2%
Nets
81.9%
Kings
78.9%
Warriors
78.7%
Mavericks
74.5%
Bulls
73.1%
% Correct
Spurs
72.9%
Bucks
72.3%
Rockets
71.3%
Suns
66.8%
Magic
64.8%
Raptors
61.1%
Nuggets
54.6%

You're not logged in!

Compare scores with friends on all Sporcle quizzes.
OR
Log In

You Might Also Like...

Show Comments

Extras

Top Quizzes Today


Score Distribution

Your Account Isn't Verified!

In order to create a playlist on Sporcle, you need to verify the email address you used during registration. Go to your Sporcle Settings to finish the process.

Report this User

Report this user for behavior that violates our Community Guidelines.

Details: